Statistiques concernant Pokemon - Les Pokemon de la 1G

Cliquez ici pour prendre le quiz!

Statistiques générales

  • Ce quiz a été pris 29 fois
  • Le résultat moyen est 107 sur 151

Statistiques - réponses

NuméroNom% Correct
#1Bulbizarre
100%
#8Carabaffe
100%
#7Carapuce
100%
#6Dracaufeu
100%
#3Florizarre
100%
#5Reptincel
100%
#4Salamèche
100%
#9Tortank
100%
#144Artikodin
95%
#2Herbizarre
95%
#151Mew
95%
#150Mewtwo
95%
#25Pikachu
95%
#26Raichu
95%
#143Ronflex
95%
#146Sulfura
95%
#145Electhor
89%
#13Aspicot
84%
#10Chenipan
84%
#11Chrysacier
84%
#14Coconfort
84%
#15Dardargnan
84%
#148Draco
84%
#149Dracolosse
84%
#133Evoli
84%
#147Minidraco
84%
#12Papilusion
84%
#19Rattata
84%
#27Sabelette
84%
#28Sablaireau
84%
#23Abo
79%
#134Aquali
79%
#24Arbok
79%
#125Elektek
79%
#89Grotadmorv
79%
#126Magmar
79%
#21Piafabec
79%
#136Pyroli
79%
#45Rafflesia
79%
#22Rapasdepic
79%
#20Rattatac
79%
#18Roucarnage
79%
#16Roucool
79%
#17Roucoups
79%
#88Tadmorv
79%
#135Voltali
79%
#63Abra
74%
#65Alakazam
74%
#70Boustiflor
74%
#69Chétiflor
74%
#85Dodrio
74%
#84Doduo
74%
#94Ectoplasma
74%
#71Empiflor
74%
#92Fantominus
74%
#38Feunard
74%
#37Goupix
74%
#123Insécateur
74%
#140Kabuto
74%
#141Kabutops
74%
#64Kadabra
74%
#130Léviator
74%
#131Lokhlass
74%
#129Magicarpe
74%
#36Mélodelfe
74%
#35Mélofée
74%
#43Mystherbe
74%
#95Onix
74%
#44Ortide
74%
#77Ponyta
74%
#142Ptéra
74%
#93Spectrum
74%
#120Stari
74%
#121Staross
74%
#128Tauros
74%
#49Aéromite
68%
#139Amonistar
68%
#138Amonita
68%
#59Arcanin
68%
#58Caninos
68%
#108Excelangue
68%
#78Galopa
68%
#124Lippoutou
68%
#66Machoc
68%
#67Machopeur
68%
#68Mackogneur
68%
#48Mimitoss
68%
#34Nidoking
68%
#31Nidoqueen
68%
#29Nidoran Femelle
68%
#32Nidoran Male
68%
#30Nidorina
68%
#33Nidorino
68%
#42Nosferalto
68%
#118Poissirène
68%
#119Poissoroy
68%
#137Porygon
68%
#74Racaillou
68%
#39Rondoudou
68%
#50Taupiqueur
68%
#51Triopikeur
68%
#83Canarticho
63%
#101Electrode
63%
#75Gravalanch
63%
#40Grodoudou
63%
#76Grolem
63%
#106Kicklee
63%
#113Leveinard
63%
#81Magnéti
63%
#82Magnéton
63%
#122M.Mime
63%
#103Noadkoko
63%
#102Noeunoeuf
63%
#114Saquedeneu
63%
#127Scarabrute
63%
#62Tartard
63%
#61Têtarte
63%
#107Tygnon
63%
#100Voltorbe
63%
#57Colossinge
58%
#91Crustabri
58%
#56Férosinge
58%
#115Kangourex
58%
#90Kokiyas
58%
#132Métamorph
58%
#105Ossatueur
58%
#104Osselait
58%
#60Ptitard
58%
#55Akwakwak
53%
#97Hypnomade
53%
#117Hypocéan
53%
#116Hypotrempe
53%
#87Lamantine
53%
#52Miaouss
53%
#86Otaria
53%
#46Paras
53%
#47Parasect
53%
#54Psykokwak
53%
#111Rhinocorne
53%
#112Rhinoféros
53%
#109Smogo
53%
#110Smogogo
53%
#96Soporifik
53%
#72Tentacool
53%
#73Tentacruel
53%
#53Persian
47%
#41Nosferapti
42%
#99Krabboss
37%
#98Krabby
37%
#80Flagadoss
32%
#79Ramoloss
32%

Distribution des résultats

Percentile par nombre de réponses

% des personnes avec chaque résultat

Votre développement - résultats

Vous n’avez pas pris ce quiz